书目信息 |
| 题名: |
体育统计学
|
|
| 作者: | 梁荣辉 编 | |
| 分册: | ||
| 出版信息: | 石家庄 河北教育出版社 1989.7 |
|
| 页数: | 323页 | |
| 开本: | 20厘米 | |
| 丛书名: | ||
| 单 册: | ||
| 中图分类: | G80-32 | |
| 科图分类: | 39.9076 | |
| 主题词: | 体育统计—统计学 , 统计学—体育统计 | |
| 电子资源: | ||
| ISBN: | 7-5434-0569-5 | |
| 000 | 00835nam0 2200265 45 | |
| 001 | 0189004641 | |
| 005 | 20070708091556.12 | |
| 010 | @a7-5434-0569-5@dCNY8.50 | |
| 020 | @aCN@b89004641 | |
| 100 | @a19900816d1989 m y0chiy0120 ea | |
| 101 | 0 | @achi |
| 102 | @aCN@b130000 | |
| 105 | @ay z 000zy | |
| 200 | 10 | @a体育统计学@Ati yu tong ji xue@f梁荣辉等编@Fliang rong hui deng bian |
| 210 | @a石家庄@c河北教育出版社@d1989.7 | |
| 215 | @a323页@d20厘米 | |
| 330 | @a本书共十五章,主要就体育统计学研究的对象、任务、基本概念、统计图与统计表、统计方法等作了论述。 | |
| 540 | 1 | @a体育 统计学@Ati yu tong ji xue |
| 606 | @a体育统计—统计学 | |
| 606 | @a统计学—体育统计 | |
| 690 | @aG80-32@v1980 | |
| 692 | @a39.9076@v1974 | |
| 701 | 0 | @a梁荣辉@Aliang rong hui@4编 |
| 801 | 0 | @aCN@bTSSF@c20070708 |
| 905 | @a10447@dG80-32@e278 | |
| 体育统计学/梁荣辉等编.-石家庄:河北教育出版社,1989.7 |
| 323页;20厘米 |
| ISBN 7-5434-0569-5:CNY8.50 |
| 本书共十五章,主要就体育统计学研究的对象、任务、基本概念、统计图与统计表、统计方法等作了论述。 |
| ● |
| 相关链接 |
|
|
|
|
正题名:体育统计学
索取号:G80-32/278
 
预约/预借
| 序号 | 登录号 | 条形码 | 馆藏地/架位号 | 状态 | 备注 |
| 1 | 0766802 | 207668022 | 第一样本阅览室/ [索取号:G80-32/278] | 在馆 |